| 000 | 00951 a2200229 4500 | ||
|---|---|---|---|
| 001 | 54047 | ||
| 005 | 20260407155811.0 | ||
| 008 | 260407a1972 arg spa d | ||
| 003 | AR-UNSa-BCEJYS | ||
| 040 |
_aAR-UNSa-BCEJYS _bspa _cAR-UNSa-BCEJYS |
||
| 080 |
_a338.5 _xPrecios. Formación de precios. Costes |
||
| 245 | 1 | 0 | _aPrecios y mercados |
| 020 | _a0-13-695064-7 | ||
| 264 | 1 |
_aBogotá : _bPrentice/Hall Internacional _c1972 |
|
| 300 |
_axi, 274 p. _c23 cm. |
||
| 505 | _a1. El rol de la ciencia económica - 2. Oferta y demanda - 3. Las curvas de oferta - 4. Determinación del volumen de producción y costos de producción - 5. Las curvas de demanda - 6. Monopolio y oligopolio - 7. La eficiencia económica - 8. La operación del sistema de precios - 9. La distribución del ingreso | ||
| 041 | _aspa | ||
| 942 | _cBK | ||
| 590 | _aniveau_biblio:m niveau_hierar:0 | ||
| 100 | 1 | _aDorfman, Robert | |
| 700 | 1 | _aDávila L. de Guevara, Alvaro | |
| 999 |
_c5326 _d5326 |
||